| 000 | 01133cam a22003133a 4500 | ||
|---|---|---|---|
| 001 | 1059 | ||
| 005 | 20230815142135.0 | ||
| 008 | 020814s2002 nyua j 000 1 eng d | ||
| 020 | _a0439408318 | ||
| 020 | _a9780439408318 | ||
| 040 |
_aZAB _cZAB _dOCL _dOCLCQ _dDLC _beng |
||
| 050 | 0 | 0 | _aPZ7.D128 |
| 082 | _aFic | ||
| 100 | 1 | _aDadey, Debbie | |
| 245 | 1 | 0 |
_aAliens don't carve jack-o'-lanterns / _cby Debbie Dadey and Marcia Thornton Jones ; illustrated by John Steven Gurney |
| 260 |
_aNew York : _bScholastic, _c2002. |
||
| 300 |
_a88 pages : _billustrations ; _c20 cm |
||
| 490 | 0 | _aThe adventures of the Bailey School kids : special | |
| 500 | _a"A Little Apple paperback." | ||
| 505 | _aN | ||
| 520 | _ahen a stranger in a shiny suit comes to town on Halloween, the Bailey School kids investigate the sudden disappearance of candy in Bailey City. | ||
| 521 |
_a550
_bLexile |
||
| 521 |
_aN
_bRaz-Plus |
||
| 650 | 0 |
_aHalloween _vJuvenile fiction. |
|
| 655 | 7 |
_aChildren's stories. _2lcsh |
|
| 700 | 1 | _aJones, Marcia Thornton | |
| 906 |
_a7 _bcbc _ccopycat _d2 _encip _f20 _gy-genrareb |
||
| 942 |
_2ddc _cBK _n0 |
||
| 999 |
_c1059 _d1059 |
||